[Event "8th United Insurance"]
[Site "Dhaka BAN"]
[Date "2008.07.31"]
[Round "2"]
[White "Sharma,Di"]
[Black "Dutta,J"]
[Result "1/2-1/2"]
[WhiteElo "2354"]
[BlackElo "2253"]

1.e4 e5 2.Nf3 Nc6 3.Bb5 a6 4.Ba4 Nf6 5.O-O Be7 6.Re1 b5 7.Bb3 d6 8.c3 O-O
9.h3 Bb7 10.d4 Re8 11.Nbd2 Bf8 12.a4 h6 13.Bc2 exd4 14.cxd4 Nb4 15.Bb1 c5
16.d5 Nd7 17.Ra3 c4 18.axb5 axb5 19.Nd4 Qb6 20.Nf5 g6 21.Rg3 Ne5 22.Nf3 Ned3
23.Qd2 Nxe1 24.Nxe1  1/2-1/2

[Event "Dutch Open"]
[Site "Dieren NED"]
[Date "2008.07.31"]
[Round "9"]
[White "Van den Doel,E"]
[Black "Ernst,S"]
[Result "1/2-1/2"]
[WhiteElo "2568"]
[BlackElo "2581"]

1.e4 e5 2.Nf3 Nc6 3.Bb5 a6 4.Ba4 Nf6 5.O-O Be7 6.Re1 b5 7.Bb3 d6 8.c3 O-O
9.h3 Bb7 10.d4 Re8 11.Nbd2 Bf8 12.d5 Nb8 13.Nf1 Nbd7 14.N3h2 Nc5 15.Bc2 c6
16.b4 Ncd7 17.dxc6 Bxc6 18.Bg5 h6 19.Bxf6 Nxf6 20.Ng4 Nxg4 21.Qxg4 Rc8 22.Bb3 Bd7
23.Qf3 Be6 24.Qd3 Qc7 25.Rec1 Be7 26.Rc2 Bg5 27.Bxe6 fxe6 28.a4 Qc4 29.Qxd6 Qxe4
30.Rca2 Qc6 31.Qxc6 Rxc6 32.axb5 axb5 33.Ra8 Rxa8 34.Rxa8+ Kf7 35.Ra3 Bc1
36.Rb3 e4 37.Ng3 e3 38.Kf1 exf2 39.Kxf2 Rc4 40.Kf3 Kf6 41.Ke2 Bf4 42.Nf1 Rc7
43.Ra3 Bc1 44.Ra5 Rxc3 45.Rxb5 Rb3 46.Nh2 Bb2 47.Ng4+ Ke7 48.Nf2 Bd4 49.Nd3 Kd6
50.Rb8 e5 51.Rd8+ Ke7 52.Rd5 Kf6 53.b5 Ra3 54.Nc5 Ra2+ 55.Kf3 Rf2+ 56.Ke4 Re2+
57.Kf3 Rf2+ 58.Ke4 Re2+ 59.Kf3  1/2-1/2

[Event "17th Open"]
[Site "Kavala GRE"]
[Date "2008.08.01"]
[Round "3"]
[White "Parligras,M"]
[Black "Sulypa,A"]
[Result "1/2-1/2"]
[WhiteElo "2588"]
[BlackElo "2476"]

1.e4 e5 2.Nf3 Nc6 3.Bb5 a6 4.Ba4 Nf6 5.O-O Be7 6.Re1 b5 7.Bb3 d6 8.c3 O-O
9.h3 Bb7 10.d4 Re8 11.Nbd2 Bf8 12.a3 h6 13.Ba2 Qd7 14.b4 a5 15.d5 Ne7 16.Nb3 axb4
17.cxb4 c6 18.dxc6 Bxc6 19.Na5 Ng6 20.Nxc6 Qxc6 21.Qd3 Qd7 22.Nh2 Nh5 23.Ng4 Nhf4
24.Qg3 d5 25.exd5 Bd6 26.Bxf4 exf4 27.Qb3 h5 28.Nh2 Ne5 29.Nf3 Nxf3+ 30.Qxf3 Qf5
31.Rxe8+ Rxe8 32.Rd1 Qe5 33.Bb1 g6 34.Bd3 Rc8 35.Qe2 Qf6 36.Be4 Rc3 37.Qxb5 Rxa3
38.Qe8+ Kg7 39.b5 Ra2 40.Qc6 f3 41.Bxf3 Qe5 42.g3 Qb2 43.Rf1 Bxg3 44.Qc5 Be5
45.d6 Bd4 46.Qd5  1/2-1/2

[Event "Mercosur Cup"]
[Site "Villa Martelli ARG"]
[Date "2008.08.01"]
[Round "4"]
[White "Fusco,L"]
[Black "Mareco,S"]
[Result "0-1"]
[WhiteElo "2392"]
[BlackElo "2477"]

1.e4 e5 2.Nf3 Nc6 3.Bb5 a6 4.Ba4 Nf6 5.O-O Be7 6.Re1 b5 7.Bb3 d6 8.c3 O-O
9.h3 Bb7 10.d4 Re8 11.Ng5 Rf8 12.Nf3 Re8 13.Nbd2 Bf8 14.a4 Na5 15.Bc2 b4
16.d5 bxc3 17.bxc3 c6 18.c4 Qc7 19.Ba3 Reb8 20.Re2 Bc8 21.Ne1 g6 22.Bb1 Bh6
23.Ba2 c5 24.Nb1 Rb7 25.Nc3 Rab8 26.Nd3 Nd7 27.Qc2 Nb6 28.Nb2 Bd7 29.Kh2 Qd8
30.Rd1 Nc8 31.Rd3 Nb3 32.Bxb3 Rxb3 33.Ncd1 Qb6 34.a5 Qb7 35.Rc3 Bg5 36.Nd3 Rxc3
37.Qxc3 Qb3 38.Qxb3 Rxb3 39.Nxc5 dxc5 40.Bxc5 Rb1 41.Ne3 Rc1 42.Rb2 Bxe3
43.Bxe3 Rxc4 44.Rb7 Bb5 45.Bh6 Nd6 46.Rb6 Ne8 47.f3 f6 48.Be3 Kf7 49.Rb8 Ke7
50.Bb6 Nd6 51.Rh8 Nf7 52.Rb8 f5 53.Rb7+ Kf8 54.h4 fxe4 55.fxe4 Rxe4 56.d6 Nxd6
57.Bc5 Rxh4+ 58.Kg3 Rd4 59.Rxh7 Rd3+ 60.Kg4 Kg8 61.Re7 Ne4 62.Rxe5 Nxc5 63.Rxc5 Kf7  0-1

[Event "12th HZ Open"]
[Site "Vlissingen NED"]
[Date "2008.08.05"]
[Round "5"]
[White "Fier,A"]
[Black "Ernst,S"]
[Result "1/2-1/2"]
[WhiteElo "2558"]
[BlackElo "2581"]

1.e4 e5 2.Nf3 Nc6 3.Bb5 a6 4.Ba4 Nf6 5.O-O Be7 6.Re1 b5 7.Bb3 d6 8.c3 O-O
9.h3 Bb7 10.d4 Re8 11.Nbd2 Bf8 12.d5 Nb8 13.Nf1 Nbd7 14.N3h2 Nc5 15.Bc2 c6
16.b4 Ncd7 17.dxc6 Bxc6 18.Bg5 h6 19.Bxf6 Nxf6 20.Ng4 Nxg4 21.Qxg4 Bd7 22.Qf3 Rc8
23.Bb3 Be6 24.Red1 Re7 25.Bxe6 fxe6 26.a4 Rf7 27.Qe3 Qc7 28.axb5 axb5 29.Rd3 Qc6
30.Qe2 Be7 31.Qg4 Qc4 32.Rad1 Rf4 33.Qg6 Rf6 34.Qg4 Rf4 35.Qg6 Rf6  1/2-1/2

[Event "12th HZ Open"]
[Site "Vlissingen NED"]
[Date "2008.08.07"]
[Round "7"]
[White "Diamant,A"]
[Black "Roggeveen,P"]
[Result "1-0"]
[WhiteElo "2393"]
[BlackElo "2093"]

1.e4 e5 2.Nf3 Nc6 3.Bb5 a6 4.Ba4 Nf6 5.O-O Be7 6.Re1 b5 7.Bb3 d6 8.c3 O-O
9.h3 Bb7 10.d4 Re8 11.Nbd2 Bf8 12.d5 Nb8 13.Nf1 Nbd7 14.N3h2 Nc5 15.Bc2 c6
16.b4 Ncd7 17.dxc6 Bxc6 18.Bg5 a5 19.Ng4 axb4 20.cxb4 Be7 21.Bxf6 Nxf6 22.Nxf6+ Bxf6
23.Ne3 Qc7 24.Re2 Rec8 25.Qd3 Bb7 26.Bb3 Qc3 27.Qxc3 Rxc3 28.Bd5 Bxd5 29.Nxd5 Rca3
30.Rc2 h5 31.Rc6 Rxa2 32.Rxa2 Rxa2 33.Rxd6 Ra1+ 34.Kh2 Re1 35.Rb6 Bg5 36.f3 Bh4
37.Rxb5 Bf2 38.h4 Bxh4 39.Rb7 Bf2 40.b5 Rb1 41.b6 g5 42.Re7 Bxb6 43.Rxe5 g4
44.f4 Bf2 45.Rxh5 g3+ 46.Kh3 Rh1+ 47.Kg4 Rg1 48.Kf3 Ra1 49.e5 Ra5 50.Nf6+ Kg7
51.Kg4 Ra4 52.Kg5 Be3 53.Rh7+ Kf8 54.Rh8+ Kg7 55.Rg8+  1-0

[Event "BDO Premier"]
[Site "Haarlem NED"]
[Date "2008.08.12"]
[Round "4"]
[White "Van Vliet,J"]
[Black "Janssen,Ru"]
[Result "0-1"]
[WhiteElo "2296"]
[BlackElo "2503"]

1.e4 e5 2.Nf3 Nc6 3.Bb5 a6 4.Ba4 Nf6 5.O-O Be7 6.Re1 b5 7.Bb3 d6 8.c3 O-O
9.h3 Bb7 10.d4 Re8 11.Nbd2 Bf8 12.a4 h6 13.Bc2 exd4 14.cxd4 Nb4 15.Bb1 c5
16.d5 Nd7 17.Ra3 f5 18.Rae3 f4 19.Ra3 Ne5 20.Nf1 Qf6 21.N1h2 c4 22.axb5 axb5
23.Rxa8 Rxa8 24.Nxe5 dxe5 25.Bd2 Bd6 26.Qh5 Qf7 27.Qe2 Qc7 28.Nf3 Na6 29.Nh4 Nc5
30.Nf5 Bf8 31.Qg4 Kh7 32.Bxf4 exf4 33.d6 Qa5 34.Rd1 Bxe4 35.Bxe4 Nxe4 36.Qxf4 Nf6
37.Nxh6 Re8 38.Ng4 Re1+ 39.Rxe1 Qxe1+ 40.Kh2 Qe6 41.Nxf6+ gxf6 42.Qh4+ Kg7
43.Qg3+ Kf7 44.Qf3 Bxd6+ 45.g3 b4 46.h4 Kg6 47.Qa8 Kg7 48.Qb7+ Be7 49.Qc7 Qe2
50.Kg2 Qe4+ 51.Kh2 Kf7 52.Qc8 Qd4 53.Qf5 Bc5 54.Kh3 Ke7 55.Qh7+ Kd8 56.Qg8+ Kc7
57.h5 c3 58.bxc3 bxc3 59.Qb3 Qd2 60.Qc4 Kb6 61.Qe6+ Kb5 62.Qe8+ Kb4 63.Qe4+ Kb3
64.Qb7+ Bb4 65.Qf7+ Ka3  0-1

[Event "Independence Cup A"]
[Site "Kyiv UKR"]
[Date "2008.08.13"]
[Round "1"]
[White "Zaichuk,V"]
[Black "Julin,A"]
[Result "1/2-1/2"]
[WhiteElo "1953"]
[BlackElo "2232"]

1.e4 e5 2.Nf3 Nc6 3.Bb5 a6 4.Ba4 Nf6 5.O-O Be7 6.Re1 b5 7.Bb3 d6 8.c3 O-O
9.h3 Bb7 10.d3 h6  1/2-1/2

[Event "Open A"]
[Site "Vladimir RUS"]
[Date "2008.08.15"]
[Round "4"]
[White "Chulivska,V"]
[Black "Krylov,M RUS"]
[Result "0-1"]
[WhiteElo "2238"]
[BlackElo "2462"]

1.e4 e5 2.Nf3 Nc6 3.Bb5 a6 4.Ba4 Nf6 5.O-O b5 6.Bb3 Be7 7.Re1 O-O 8.h3 d6
9.c3 Bb7 10.d4 Re8 11.Ng5 Rf8 12.Nf3 Nb8 13.Nbd2 Nbd7 14.Bc2 Re8 15.Nf1 Bf8
16.Ng3 g6 17.a4 c5 18.d5 c4 19.Bg5 h6 20.Be3 Nc5 21.Qe2 Qc7 22.Nd2 Bg7 23.Ra3 Nfd7
24.Rea1 Nb6 25.axb5 axb5 26.Qf1 h5 27.R1a2 Rxa3 28.Rxa3 Bc8 29.Qa1 Nca4 30.Bxb6 Nxb6
31.Ra7 Qb8 32.Qa5 Rf8 33.Nb1 Bf6 34.Na3 Bd8 35.Nxb5 Nxd5 36.Ra8 Bxa5 37.Rxb8 Ba6
38.Rxf8+ Kxf8 39.Nxd6 Nf4 40.b3 cxb3 41.Bxb3 h4 42.Nh1 Ne2+ 43.Kh2 f6 44.c4 Nc3
45.f3 Bb4 46.Nb5 Nxb5 47.cxb5 Bxb5 48.g3 hxg3+ 49.Kxg3 Be1+ 50.Kg2 Bd7 51.Ng3 Kg7
52.Nf1 Kh6 53.Ne3 Kg5 54.Ng4 Bh4 55.Bf7 Bb5 56.Ne3 f5 57.Nd5 Bd3 58.exf5 gxf5
59.Ne3 Kf6 60.Bb3 f4 61.Ng4+ Kf5 62.Bg8 Bb5 63.Bd5 Be1 64.Nh6+ Kg5 65.Ng4 Bc3
66.Be4 Bd7 67.Bd5 Kf5 68.Be4+ Ke6 69.h4 Be8 70.Kh3 Be1 71.Nh6 Bh5 72.Ng4 Bg3
73.Nh6 Be1 74.Ng4 Bb4 75.Nh6 Bf8 76.Ng4 Bg7 77.Nf2 Kd6 78.Nd3 Bf6 79.Ba8 Kc7
80.Nc5 Bh8 81.Be4 Kb6 82.Nd3 Kb5 83.Nf2 Kc4 84.Ng4 Bg7 85.Kg2 Kd4 86.Bb7 e4
87.Bxe4 Bxg4 88.Bb7 Bh5 89.Be4 Ke3 90.Bb7 Bf6 91.Bc6 Bxh4 92.Bb7 Bd8 93.Bc6 Bb6
94.Bb7 Bf7 95.Bc6 Bc4 96.Bb7 Ke2 97.Bc6 Ke1 98.Kh3 Kf2 99.Kh4 Bc7 100.Be4 Be6
101.Kg5 Kg3  0-1

[Event "23rd Open"]
[Site "Schwarzach AUT"]
[Date "2008.08.16"]
[Round "1"]
[White "Grandelius,N"]
[Black "Wieser,R"]
[Result "1-0"]
[WhiteElo "2366"]
[BlackElo "2088"]

1.e4 e5 2.Nf3 Nc6 3.Bb5 a6 4.Ba4 Nf6 5.O-O Be7 6.Re1 b5 7.Bb3 d6 8.c3 O-O
9.h3 Bb7 10.d4 Re8 11.Nbd2 Bf8 12.d5 Nb8 13.Nf1 Nbd7 14.N3h2 Nc5 15.Bc2 c6
16.b4 Ncd7 17.dxc6 Bxc6 18.Bg5 h6 19.Bxf6 Nxf6 20.Ng4 Nxg4 21.Qxg4 a5 22.Ne3 Qc8
23.Qf3 Qb7 24.Red1 Re6 25.Nd5 Ree8 26.Bb3 a4 27.Bc2 Bxd5 28.Rxd5 Rec8 29.Rc1 Rc4
30.Bd3 Rac8 31.Bxc4 Rxc4 32.Re1 Qc8 33.Rxb5 Rxc3 34.Qd1 a3 35.Rf1 Rc2 36.Qd5 Qe6
37.Qa8 Rc8 38.Qxa3 Qc4 39.Qa6 Rb8 40.Rb6 Qxa6 41.Rxa6 Rxb4 42.Re1 g6 43.Ra8 Kg7
44.a4 f5 45.exf5 gxf5 46.Rc1  1-0

[Event "GM"]
[Site "Vienna AUT"]
[Date "2008.08.16"]
[Round "1"]
[White "Giri,A"]
[Black "Beckhuis,G"]
[Result "1/2-1/2"]
[WhiteElo "2430"]
[BlackElo "2353"]

1.e4 e5 2.Nf3 Nc6 3.Bb5 a6 4.Ba4 Nf6 5.O-O Be7 6.Re1 b5 7.Bb3 d6 8.c3 O-O
9.h3 Bb7 10.d4 Re8 11.Nbd2 Bf8 12.d5 Nb8 13.Nf1 Nbd7 14.N3h2 Nc5 15.Bc2 c6
16.b4 Ncd7 17.dxc6 Bxc6 18.Bg5 Qc7 19.Bxf6 Nxf6 20.Ng4 Nxg4 21.hxg4 Bd7 22.Re3 Be7
23.Bb3 Bg5 24.Rd3 Be6 25.Rxd6 Bxb3 26.axb3 Qxc3 27.Raxa6 Rxa6 28.Rxa6 Qxb4
29.Qd5 h6 30.Ra7 Re7 31.Ra8+ Kh7 32.Rb8 Qe1 33.Rxb5 Re6 34.Qc5 Qxe4 35.Qb4 Qb1
36.Rb6 Rxb6 37.Qxb6 Qe4 38.Qc7 Kg6 39.Qc4 Qd4 40.Qxd4 exd4 41.Ng3 Be7 42.Kf1 d3
43.f3 Kf6 44.f4 Ke6 45.Nf5 Bf8 46.Kf2 h5 47.Ke3 hxg4 48.Nd4+ Kd5 49.Kxd3 g6
50.Nc2 f5 51.g3 Bc5 52.Ne3+ Ke6 53.Ke2 Be7 54.Kd3 Bc5 55.Nd1 Bg1 56.Ke2 Bc5
57.Nb2 Bd6 58.Nd3 g5 59.Ke3 gxf4+ 60.Nxf4+ Ke5 61.b4 Bc7 62.Kd3 Kd6 63.b5 Bb6
64.Ke2 Kc5 65.Ng2 Bc7 66.Ne3 Bxg3 67.Nxf5 Bc7 68.Ne3 g3 69.Kf3 Kxb5 70.Nf5 Kc6
71.Nxg3 Bxg3 72.Kxg3  1/2-1/2

[Event "5th DA Tan Malaysian Open"]
[Site "Kuala Lumpur MAS"]
[Date "2008.08.18"]
[Round "1"]
[White "Yu Lie"]
[Black "Milligan,H"]
[Result "1-0"]
[WhiteElo "2377"]
[BlackElo "1976"]

1.e4 e5 2.Nf3 Nc6 3.Bb5 a6 4.Ba4 Nf6 5.O-O Be7 6.Re1 b5 7.Bb3 d6 8.c3 O-O
9.h3 Bb7 10.d4 Re8 11.Nbd2 Bf8 12.a4 h6 13.d5 Nb8 14.Qe2 Qd7 15.c4 b4 16.a5 Qe7
17.Ba4 c6 18.Nf1 Rc8 19.Bd2 c5 20.g4 Rc7 21.Ng3 Bc8 22.Nh2 Nh7 23.f4 exf4
24.Bxf4 g5 25.Bxd6 Qxd6 26.e5 Qd8 27.Nh5 Bg7 28.Rad1 Bd7 29.Bc2 Nf8 30.e6 fxe6
31.dxe6 Qe7 32.exd7 Qxe2 33.d8=Q Qxc2 34.Qxc7 Nbd7 35.Nxg7  1-0

[Event "5th DA Tan Malaysian Open"]
[Site "Kuala Lumpur MAS"]
[Date "2008.08.18"]
[Round "2"]
[White "Wan Yunguo"]
[Black "Milligan,H"]
[Result "1-0"]
[WhiteElo "2471"]
[BlackElo "1976"]

1.e4 e5 2.Nf3 Nc6 3.Bb5 a6 4.Ba4 Nf6 5.O-O Be7 6.Re1 b5 7.Bb3 d6 8.c3 O-O
9.h3 Bb7 10.d4 Re8 11.Nbd2 Bf8 12.d5 Nb8 13.Nf1 Nbd7 14.N3h2 Nc5 15.Bc2 c6
16.b4 Ncd7 17.dxc6 Bxc6 18.Bg5 h6 19.Bxf6 Nxf6 20.Ng4 Nxg4 21.Qxg4 Qc8 22.Qf3 Qb7
23.Bb3 Rad8 24.Rad1 Re7 25.Ng3 Red7 26.Bd5 Rc7 27.Nf5 Bxd5 28.Rxd5 g6 29.Ng3 Qc8
30.Rd3 Qe6 31.Re2 h5 32.Rc2 Bh6 33.Rd5 Rc4 34.Nf1 Rdc8 35.a3 R8c6 36.Qd3 Qf6
37.a4 bxa4 38.Ra5 Qe6 39.Rxa4 Qc8 40.Qd5 Rxc3 41.Rxc3 Rxc3 42.Qxd6 Rc1 43.Qxa6 Qxa6
44.Rxa6 Rb1 45.Rb6 Bd2 46.b5 Bc3 47.Rb8+ Kg7 48.b6 Bd4 49.g3 Rxb6 50.Rxb6 Bxb6
51.Kg2 f6 52.Nd2 Ba5 53.Nc4 Bc7 54.f3 Kf7 55.Kf2 Ke6 56.Ke2 f5 57.Kd3 Bd8
58.Kc3 fxe4 59.fxe4 Bc7 60.Kd3 Bd8 61.Nd2 Be7 62.Kc4 Bd8 63.Nf3 Be7 64.Nh4 Bxh4
65.gxh4 Kd6 66.Kb5 Kd7 67.Kc5 Ke6 68.Kc6 Ke7 69.Kd5 Kd7 70.Kxe5 Ke7 71.Kd5 Kd7
72.e5 Ke7 73.e6 Ke8 74.Kd6 Kd8 75.e7+ Ke8 76.Ke6 g5 77.hxg5 h4 78.Kf6  1-0

[Event "U16 Olympiad"]
[Site "Mersin TUR"]
[Date "2008.08.18"]
[Round "2"]
[White "Bodnaruk,A"]
[Black "Sethuraman,S"]
[Result "1/2-1/2"]
[WhiteElo "2394"]
[BlackElo "2425"]

1.e4 e5 2.Nf3 Nc6 3.Bb5 a6 4.Ba4 Nf6 5.O-O Be7 6.Re1 b5 7.Bb3 d6 8.c3 O-O
9.h3 Bb7 10.d4 Re8 11.Nbd2 Bf8 12.Bc2 d5 13.dxe5 Nxe5 14.Nxe5 Rxe5 15.f4 Bc5+
16.Kh2 Bc8 17.Nf3 Rh5 18.Nd4 Ng4+ 19.Kg1 Qh4 20.Qd2 Qg3 21.hxg4 Bxg4 22.Bd1 Qh2+
23.Kf2 Qh4+ 24.Kg1 Qh2+ 25.Kf2 Be7 26.Nf3 Bxf3 27.Bxf3 Rh3 28.e5 Bc5+ 29.Ke2 Rxf3
30.Kxf3 Qh5+ 31.Kg3 Qg6+ 32.Kf3 Qh5+ 33.Kg3 Qg6+  1/2-1/2

[Event "44th Rubinstein Mem Open A"]
[Site "Polanica Zdroj POL"]
[Date "2008.08.21"]
[Round "3"]
[White "Barburzynska,M"]
[Black "Sabuk,P"]
[Result "1/2-1/2"]
[WhiteElo "1887"]
[BlackElo "2091"]

1.e4 e5 2.Nf3 Nc6 3.Bb5 a6 4.Ba4 Nf6 5.O-O Be7 6.Re1 b5 7.Bb3 d6 8.c3 O-O
9.h3 Bb7 10.d4 Re8 11.Ng5 Rf8 12.Nf3 h6 13.Nbd2 Re8 14.d5 Nb8 15.Nf1 Nbd7
16.Bc2 c6 17.dxc6 Bxc6 18.Ng3 Bf8 19.Be3 Nc5 20.Nd2 d5 21.exd5 Nxd5 22.Nf3 Qc7
23.Bxc5 Bxc5 24.Ne4 Bb6 25.Nh4 Rad8 26.Qg4 Qd7 27.Nf5 g6 28.Ned6 h5 29.Qg5 Re6
30.Nh6+ Kg7 31.Nhf5+ Kg8 32.Nh6+ Kh7 33.Nhxf7 Rxd6 34.Qxh5+ Kg8 35.Nxd6 Qxd6
36.Bxg6 Nf6 37.Qg5 Rd7 38.Qxe5 Qxe5 39.Rxe5 Bd5 40.Bh5 Rg7 41.g4 Rd7 42.Rd1 Bc5
43.Rf5 Be6 44.Rg5+ Kf8 45.Re1 Bd5 46.Rf5 Kg7 47.Rg5+ Kf8 48.Rf5 Kg7 49.Rg5+  1/2-1/2

[Event "X Sants Open"]
[Site "Barcelona ESP"]
[Date "2008.08.22"]
[Round "1"]
[White "Aroshidze,L"]
[Black "Dalmau,Jo"]
[Result "1-0"]
[WhiteElo "2547"]
[BlackElo "2116"]

1.e4 e5 2.Nf3 Nc6 3.Bb5 a6 4.Ba4 Nf6 5.O-O Be7 6.Re1 b5 7.Bb3 d6 8.c3 O-O
9.h3 Bb7 10.d4 Re8 11.Nbd2 Bf8 12.Bc2 g6 13.d5 Nb8 14.b3 c6 15.c4 cxd5 16.cxd5 Bh6
17.a4 Nbd7 18.Ba3 Qb6 19.b4 Nf8 20.Nb3 Bc8 21.axb5 axb5 22.Na5 Bd7 23.Bd3 Nh5
24.Nh2 Rac8 25.Ng4 Bf4 26.Bb2 Kg7 27.Ne3 Nf6 28.Qf3 h5 29.g3 Bh6 30.Bf1 N8h7
31.h4 Kg8 32.Rac1 Rxc1 33.Bxc1 Bg7 34.Bd3 Rc8 35.Qe2 Rb8 36.Kg2 Qd4 37.Nc2 Qb6
38.Be3 Qc7 39.Rc1 Ng4 40.Na3 Nxe3+ 41.Qxe3 Qb6 42.Qxb6 Rxb6 43.Rc7 Nf6 44.f3 Bh6
45.Nc6 Bd2 46.Nxb5 Bxb4 47.Rxd7 Nxd7 48.Nxb4 Nc5 49.Be2 f5 50.exf5 gxf5 51.Nc6 f4
52.gxf4 exf4 53.Ne7+ Kh7 54.Nc8  1-0

[Event "2nd Euwe Stimulans"]
[Site "Sao Paulo BRA"]
[Date "2008.08.22"]
[Round "1"]
[White "Matsuura,E"]
[Black "Diaz Hollemaert,N"]
[Result "1/2-1/2"]
[WhiteElo "2463"]
[BlackElo "2419"]

1.e4 e5 2.Nf3 Nc6 3.Bb5 a6 4.Ba4 Nf6 5.O-O b5 6.Bb3 Be7 7.Re1 O-O 8.c3 d6
9.h3 Bb7 10.d4 Re8 11.Nbd2 Bf8 12.a4 h6 13.Bc2 exd4 14.cxd4 Nb4 15.Bb1 c5
16.d5 g6 17.Nb3 Nd7 18.Bd2 Nb6 19.Na5 Qd7 20.axb5 axb5 21.Bxb4 cxb4 22.Bd3 Na4
23.Bxb5 Qxb5 24.Qxa4 Qb6 25.Nc4 Qc5 26.Na5 Qb6 27.Nc4 Qc5 28.Na5 Qb6  1/2-1/2

[Event "X Sants Open"]
[Site "Barcelona ESP"]
[Date "2008.08.23"]
[Round "2"]
[White "Guliyev,N"]
[Black "Harestad,H"]
[Result "1-0"]
[WhiteElo "2510"]
[BlackElo "2215"]

1.e4 e5 2.Nf3 Nc6 3.Bb5 a6 4.Ba4 Nf6 5.O-O b5 6.Bb3 Be7 7.Re1 O-O 8.h3 d6
9.c3 Bb7 10.d4 Re8 11.a4 Nd7 12.d5 Na5 13.Ba2 c5 14.Be3 c4 15.Na3 f5 16.axb5 f4
17.Bd2 axb5 18.Nxb5 Qb6 19.Na3 Ba6 20.Bc1 Nc5 21.Re2 Nd3 22.Ne1 Bh4 23.Nxd3 f3
24.Re3 cxd3 25.g4 Nb7 26.Rxf3 Nd8 27.Be3 Qc7 28.c4  1-0

[Event "5th DA Tan Malaysian Open"]
[Site "Kuala Lumpur MAS"]
[Date "2008.08.23"]
[Round "9"]
[White "Sano,T"]
[Black "Bancod,Ron"]
[Result "0-1"]
[WhiteElo "2102"]
[BlackElo "2375"]

1.e4 e5 2.Nf3 Nc6 3.Bb5 a6 4.Ba4 Nf6 5.O-O Be7 6.Re1 b5 7.Bb3 d6 8.c3 O-O
9.h3 Bb7 10.d4 Re8 11.Nbd2 Bf8 12.d5 Na5 13.Bc2 c6 14.b4 Nc4 15.Nxc4 bxc4
16.dxc6 Bxc6 17.Bg5 a5 18.a4 h6 19.Bxf6 Qxf6 20.b5 Bd7 21.Nh2 Rac8 22.Re3 Rc5
23.Ng4 Qh4 24.Rg3 Kh8 25.Qf3 Be6 26.Rd1 Rb8 27.Ne3 g6 28.Rd2 h5 29.Qd1 Rb7
30.Qf3 Qf4 31.Qd1 Qh4 32.Qf3 Rb8 33.Qd1 Rb6 34.Nd5 Rb7 35.Ne3 Rd7 36.Qf3 Bh6
37.Qe2 Bf4 38.Rf3 Qd8 39.g3 Bh6 40.Rd1 Bxh3  0-1

[Event "44th Rubinstein Mem Open A"]
[Site "Polanica Zdroj POL"]
[Date "2008.08.23"]
[Round "5"]
[White "Duda,J"]
[Black "Sabuk,P"]
[Result "1/2-1/2"]
[WhiteElo "1939"]
[BlackElo "2091"]

1.e4 e5 2.Nf3 Nc6 3.Bb5 a6 4.Ba4 Nf6 5.O-O Be7 6.Re1 b5 7.Bb3 d6 8.c3 O-O
9.h3 Bb7 10.d4 Re8 11.Bg5 h6 12.Bxf6 Bxf6 13.d5 Ne7 14.Nbd2 c6 15.dxc6 Bxc6
16.Nf1 d5 17.exd5 Nxd5 18.Ng3 Nf4 19.Ne4 Nd3 20.Nxf6+ Qxf6 21.Qxd3 e4 22.Qd4 exf3
23.Qxf6 gxf6 24.gxf3 Bxf3 25.Re3 Rxe3 26.fxe3 Kg7 27.Rf1 Bh5 28.Rf5 Bg6 29.Rd5 Re8
30.Kf2 Re5 31.Rxe5 fxe5 32.Bd5 Bf5 33.b4 Bc8 34.e4 Kg6 35.a3 f5 36.exf5+ Kxf5
37.Kf3 Kf6 38.h4 Kf5 39.Bc6 Ke6 40.Be4 Kd6 41.Ke3 Be6 42.Bb7 Kc7 43.Bf3 Kd6
44.Bd1 Kd5 45.Bb3+ Kd6 46.Bc2 Kd5 47.Bd3 Bg4 48.Bf1 Bf5 49.Be2 Be6 50.Kd3 Bf5+
51.Ke3 Be6 52.Bf1 Bf5  1/2-1/2

[Event "44th Rubinstein Mem Open A"]
[Site "Polanica Zdroj POL"]
[Date "2008.08.23"]
[Round "5"]
[White "Sadzikowski,D"]
[Black "Leniart,A"]
[Result "0-1"]
[WhiteElo "2140"]
[BlackElo "2391"]

1.e4 e5 2.Nf3 Nc6 3.Bb5 a6 4.Ba4 Nf6 5.O-O Be7 6.Re1 b5 7.Bb3 d6 8.c3 O-O
9.h3 Bb7 10.d4 Nd7 11.a4 Na5 12.Bc2 c5 13.d5 Nc4 14.b3 Ncb6 15.a5 Nc8 16.Nbd2 g6
17.Nf1 f5 18.exf5 gxf5 19.Ng3 e4 20.Nh2 Qe8 21.Nh5 Qf7 22.c4 Ne5 23.Nf4 bxc4
24.bxc4 Nxc4 25.Ra4 Ne5 26.Ne6 Na7 27.f4 Nd7  0-1

[Event "44th Rubinstein Mem Open A"]
[Site "Polanica Zdroj POL"]
[Date "2008.08.26"]
[Round "8"]
[White "Kulon,K"]
[Black "Leniart,A"]
[Result "0-1"]
[WhiteElo "2217"]
[BlackElo "2391"]

1.e4 e5 2.Nf3 Nc6 3.Bb5 a6 4.Ba4 Nf6 5.O-O Be7 6.Re1 b5 7.Bb3 d6 8.c3 O-O
9.h3 Bb7 10.d4 Re8 11.Ng5 Rf8 12.f4 Na5 13.fxe5 Nxb3 14.Qxb3 dxe5 15.dxe5 Nd7
16.Nxf7 Rxf7 17.e6 Rf8 18.exd7+ Kh8 19.Qd1 Bd6 20.Qg4 Qf6 21.Be3 Qe5 22.g3 h5
23.Qh4 Rf3 24.Kh1 Bxe4 25.Bd4 Rf1+ 26.Kh2 Rxe1 27.Nd2 Re2+ 28.Kg1 Rg2+ 29.Kf1 Qf5+
30.Ke1 Bxg3+  0-1

[Event "TCh-ESP Hon Gp2"]
[Site "Sabadell ESP"]
[Date "2008.09.05"]
[Round "3"]
[White "Gashimov,V"]
[Black "Nijboer,F"]
[Result "1/2-1/2"]
[WhiteElo "2717"]
[BlackElo "2564"]

1.e4 e5 2.Nf3 Nc6 3.Bb5 a6 4.Ba4 Nf6 5.O-O Be7 6.Re1 b5 7.Bb3 d6 8.c3 O-O
9.h3 Bb7 10.d4 Re8 11.a4 h6 12.axb5 axb5 13.Rxa8 Qxa8 14.Na3 Qa6 15.Bc2 exd4
16.cxd4 Nb4 17.Bb1 d5 18.e5 Ne4 19.Qe2 c5 20.Nxb5 Rc8 21.Be3 c4 22.Nc3 Nd3
23.Rd1 Qa5 24.Ne1 Nxb2 25.Qxb2 Nxc3 26.Qxb7 Qd8 27.Bc2 Rb8 28.Qa6 Ra8 29.Qc6 Rc8
30.Qa6 Ra8  1/2-1/2

[Event "61st ch-RUS HL"]
[Site "Novokuznetsk RUS"]
[Date "2008.09.07"]
[Round "5"]
[White "Pokazanjev,N"]
[Black "Kryakvin,D"]
[Result "0-1"]
[WhiteElo "2442"]
[BlackElo "2565"]

1.e4 e5 2.Nf3 Nc6 3.Bb5 a6 4.Ba4 Nf6 5.O-O Be7 6.Re1 b5 7.Bb3 d6 8.c3 O-O
9.h3 Bb7 10.d4 Re8 11.Ng5 Rf8 12.Nf3 h6 13.Nbd2 Re8 14.d5 Nb8 15.Nf1 Nbd7
16.Ng3 Bf8 17.Nh2 Nc5 18.Bc2 c6 19.dxc6 Bxc6 20.Ng4 Ra7 21.b4 Ne6 22.a4 Rd7
23.axb5 axb5 24.Ra6 Bb7 25.Nxf6+ Qxf6 26.Rb6 Rc8 27.Re3 Bc6 28.Bd3 Ra7 29.Bxb5 Bxb5
30.Rxb5 Ra1 31.Rf3 Qg5 32.Re3 Rca8 33.Re1 Nf4 34.Kh2 Qg6 35.Qf3 d5 36.exd5 Nd3
37.Rd1 Nxc1 38.d6 Bxd6 39.Rxc1 e4 40.Qe3 Rxc1 41.Qxc1 h5 42.h4 Ra2 43.Rg5 Qf6
44.Qe3 Bf4 45.Qxe4 Bxg5 46.hxg5 Qxg5 47.Qe8+ Kh7 48.Qxf7 Qh4+ 49.Kg1 Ra1+
50.Nf1 Qg4 51.Qd5 Qe2 52.Qf5+ Kh6 53.Qf4+ Kg6  0-1

[Event "TCh-SRB 1st League"]
[Site "Subotica SRB"]
[Date "2008.09.10"]
[Round "9"]
[White "Naiditsch,A"]
[Black "Georgiev,Ki"]
[Result "1-0"]
[WhiteElo "2665"]
[BlackElo "2671"]

1.e4 e5 2.Nf3 Nc6 3.Bb5 a6 4.Ba4 Nf6 5.O-O Be7 6.Re1 b5 7.Bb3 d6 8.c3 O-O
9.h3 Bb7 10.d4 Re8 11.Nbd2 Bf8 12.d5 Nb8 13.Nf1 Nbd7 14.N3h2 Nc5 15.Bc2 c6
16.b4 Ncd7 17.dxc6 Bxc6 18.Bg5 Qc7 19.Bxf6 Nxf6 20.Ng4 Nxg4 21.hxg4 Bd7 22.Ne3 Be6
23.Nd5 Qb7 24.Bb3 a5 25.bxa5 Rxa5 26.g5 Be7 27.Qh5 Bd8 28.Re3 Qd7 29.Rg3 Kh8
30.Rd1 Rg8 31.Rdd3 g6 32.Qh6 Bxd5 33.Bxd5 Rg7 34.Rdf3 Ra7 35.Rf6 Bb6 36.Rgf3 Bc5
37.Rxf7 Qxf7 38.Bxf7 Rgxf7 39.Rf6 Kg8 40.Qh3 Kg7 41.Qh6+ Kg8 42.Kf1 Rg7 43.Qh3 Rgf7
44.f4 exf4 45.Qc8+ Kg7 46.e5 Rac7 47.Rxf7+ Rxf7 48.e6 Re7 49.Qd8 d5 50.Qxd5 Ba3
51.Qe5+ Kg8 52.Qxb5  1-0

[Event "Open"]
[Site "Miami USA"]
[Date "2008.09.11"]
[Round "3"]
[White "Aldama Degurnay,D"]
[Black "Bartholomew,J"]
[Result "0-1"]
[WhiteElo "2455"]
[BlackElo "2440"]

1.e4 e5 2.Nf3 Nc6 3.Bb5 a6 4.Ba4 Nf6 5.O-O Be7 6.Re1 b5 7.Bb3 d6 8.c3 O-O
9.h3 Bb7 10.d4 Re8 11.Nbd2 Bf8 12.a4 h6 13.Bc2 exd4 14.cxd4 Nb4 15.Bb1 c5
16.d5 Nd7 17.Ra3 f5 18.Nh2 Nf6 19.g4 fxe4 20.g5 hxg5 21.Nxe4 Nbxd5 22.Bxg5 Qd7
23.Bxf6 Nxf6 24.Nxf6+ gxf6 25.Rg3+ Bg7 26.Bg6 Rxe1+ 27.Qxe1 Kf8 28.Re3 Bh6
29.Re6 Bg5 30.f4 Bd5 31.f5 Bxe6 32.fxe6 Qb7 33.Ng4 Ke7  0-1

[Event "4th ch-EU"]
[Site "Liverpool ENG"]
[Date "2008.09.16"]
[Round "8"]
[White "Williamson,R"]
[Black "Fox,An"]
[Result "1-0"]
[WhiteElo "2169"]
[BlackElo "2068"]

1.e4 e5 2.Nf3 Nc6 3.Bb5 a6 4.Ba4 Nf6 5.O-O Be7 6.Re1 b5 7.Bb3 d6 8.c3 O-O
9.h3 Bb7 10.d4 Qd7 11.a3 Rae8 12.Bc2 Bd8 13.Bg5 Qc8 14.Nbd2 Nd7 15.Be3 Ne7
16.c4 Ng6 17.b4 c5 18.bxc5 dxc5 19.d5 Ba5 20.Rb1 Bc3 21.cxb5 axb5 22.Rxb5 Ba6
23.Rb1 Qc7 24.Ba4 Bd4 25.Rc1 Qa7 26.Bxd7 Qxd7 27.Nb3 f5 28.Bxd4 cxd4 29.Nc5 Qd6
30.exf5 Rxf5 31.Nxa6 Qxa6 32.Nxd4 Rf7 33.Nc6 Qxa3 34.d6 Rd7 35.Qd5+ Kh8 36.Nxe5 Nxe5
37.Qxe5 Rg8 38.Rc8 Qb3 39.Rxg8+ Qxg8 40.Qb5 Qd8 41.Re7  1-0

[Event "Chess City 10th Ann Open"]
[Site "Elista RUS"]
[Date "2008.09.17"]
[Round "2"]
[White "Nyudleev,D"]
[Black "Sangadzhiev,G"]
[Result "1-0"]
[WhiteElo "2409"]
[BlackElo "2159"]

1.e4 e5 2.Nf3 Nc6 3.Bb5 a6 4.Ba4 Nf6 5.O-O Be7 6.Re1 b5 7.Bb3 O-O 8.h3 d6
9.c3 Bb7 10.d4 Re8 11.a4 Qd7 12.d5 Na5 13.Bc2 c6 14.dxc6 Qxc6 15.Nbd2 Bf8
16.Nf1 g6 17.Bg5 Bg7 18.Bxf6 Bxf6 19.Ne3 Nc4 20.Nd5 Bg7 21.Rb1 Rad8 22.Nd2 Qc5
23.b4 Qc8 24.Nxc4 bxc4 25.a5 Bxd5 26.Qxd5 Qe6 27.Red1 Qxd5 28.Rxd5 Bf8 29.b5 axb5
30.Rbxb5 Rb8 31.Ba4 Rxb5 32.Bxb5 Rc8 33.a6 Rc7 34.Rd1 Bh6 35.Rxd6 Bf8 36.Rd1 Kg7
37.Rd7 Rxd7 38.Bxd7 Bc5 39.Bb5 f5 40.exf5 gxf5 41.Bxc4 e4 42.Kf1 f4 43.Bd5 e3
44.fxe3 fxe3 45.Ke2 Kf6 46.Kf3 Ke5 47.Bc4 h6 48.Kg4 Kf6 49.Kf4 Ba7 50.Ke4 Kg5
51.g3 h5 52.Kd5 h4 53.g4  1-0